[Event "ZN-2020-0-04128"]
[Site "LSS email"]
[Date "2020.02.28"]
[Round "?"]
[White "Ducharme, Steven"]
[Black "Bhalla, Christopher"]
[Result "1-0"]
[WhiteElo "779"]
[BlackElo "800"]
[PlyCount "29"]
[EventDate "2020.02.22"]
[EventType "match (corr)"]
[EventRounds "2"]
[EventCountry "GER"]
[SourceTitle "Corr 2022"]
[Source "ChessBase"]
[SourceDate "2021.10.24"]
[SourceVersion "1"]
[SourceVersionDate "2021.10.24"]
[SourceQuality "1"]

1. Nf3 Nf6 2. b3 d6 3. Bb2 Nc6 4. d4 e5 5. dxe5 dxe5 6. Qxd8+ Kxd8 7. a3 Bf5 8. Nbd2 Bxc2 9. Nxe5 Nxe5 10. Bxe5 Nd7 11. Bb2 Bxb3 12. Nxb3 Kc8 13. 0-0-0 Kb8 14. Rxd7 f5 15. Rd8# 1-0

[Event "ZN-2013-0-02308"]
[Site "LSS email"]
[Date "2013.05.24"]
[Round "?"]
[White "Bhalla, Christopher"]
[Black "Lauer, Fredric"]
[Result "0-1"]
[WhiteElo "800"]
[BlackElo "989"]
[PlyCount "74"]
[EventDate "2013.05.20"]
[EventType "match (corr)"]
[EventRounds "2"]
[EventCountry "GER"]
[SourceTitle "Telechess CBM 161"]
[Source "ChessBase"]
[SourceDate "2014.07.16"]
[SourceVersion "1"]
[SourceVersionDate "2014.07.16"]
[SourceQuality "1"]

1. d4 d5 2. e3 Nf6 3. Nc3 e6 4. Nf3 Bb4 5. Bb5+ c6 6. Bd3 0-0 7. 0-0 Nbd7 8. a3 Bxc3 9. bxc3 c5 10. Bb5 a6 11. Bxd7 Bxd7 12. Ne5 Ne4 13. Nxd7 Qxd7 14. f3 Nxc3 15. Qd3 Nb5 16. Rb1 c4 17. Qe2 Qd6 18. Bb2 Nxa3 19. Bxa3 Qxa3 20. Qd2 b5 21. Qc1 Qd6 22. Ra1 a5 23. Ra3 b4 24. Ra4 e5 25. c3 b3 26. Rb4 axb4 27. cxb4 exd4 28. exd4 Qxb4 29. Qe1 Qxe1 30. Rxe1 c3 31. Kf2 c2 32. Rc1 b2 33. Re1 c1Q 34. Rxc1 bxc1Q 35. Kg3 Qg5+ 36. Kf2 Ra2+ 37. Kg1 Qxg2# 0-1

[Event "OP-2013-0-02716"]
[Site "LSS email"]
[Date "2013.04.07"]
[Round "?"]
[White "Bhalla, Christopher"]
[Black "Clark, Mark J"]
[Result "0-1"]
[WhiteElo "800"]
[BlackElo "1268"]
[PlyCount "44"]
[EventDate "2013.04.02"]
[EventType "tourn (corr)"]
[EventRounds "4"]
[EventCountry "GER"]
[SourceTitle "Telechess CBM 159"]
[Source "ChessBase"]
[SourceDate "2014.03.17"]
[SourceVersion "1"]
[SourceVersionDate "2014.03.17"]
[SourceQuality "1"]

1. d4 e6 2. e3 f5 3. f4 Nf6 4. Nc3 Bb4 5. a3 Bxc3+ 6. bxc3 0-0 7. Nf3 b6 8. a4 Bb7 9. Ba3 Re8 10. Qd3 Ba6 11. Qd2 Ne4 12. Qc1 Bxf1 13. Rxf1 Nxc3 14. Kd2 Ne4+ 15. Kd3 c5 16. Qb2 Qc8 17. c3 Na6 18. Qb5 cxd4 19. Nxd4 Qxc3+ 20. Ke2 Nac5 21. Rfc1 Qd2+ 22. Kf3 Qf2# 0-1

[Event "OP-2013-0-02716"]
[Site "LSS email"]
[Date "2013.04.07"]
[Round "?"]
[White "Bhalla, Christopher"]
[Black "Kepinski, Janusz"]
[Result "0-1"]
[WhiteElo "800"]
[BlackElo "1437"]
[PlyCount "58"]
[EventDate "2013.04.02"]
[EventType "tourn (corr)"]
[EventRounds "4"]
[EventCountry "GER"]
[SourceTitle "Telechess CBM 159"]
[Source "ChessBase"]
[SourceDate "2014.03.17"]
[SourceVersion "1"]
[SourceVersionDate "2014.03.17"]
[SourceQuality "1"]

1. d4 Nf6 2. e3 g6 3. Bc4 c5 4. Nf3 d5 5. Nc3 dxc4 6. 0-0 cxd4 7. Nxd4 Bg4 8. f3 Bd7 9. b3 cxb3 10. cxb3 Bg7 11. Qd3 0-0 12. e4 Nc6 13. Ncb5 Nxd4 14. Qxd4 Bxb5 15. Qxd8 Rfxd8 16. Bb2 Bxf1 17. Kxf1 Rac8 18. Rc1 Rxc1+ 19. Bxc1 Rd1+ 20. Ke2 Rxc1 21. Ke3 Rc2 22. a4 Rxg2 23. h3 e5 24. f4 Rg3+ 25. Kf2 Nxe4+ 26. Ke2 exf4 27. Kd1 f3 28. Kc2 f2 29. h4 f1Q 0-1